[Event "V4 Liptov 2017"]
[Site "?"]
[Date "2017.06.25"]
[Round "7.20"]
[White "Meszaros, Marta Mira"]
[Black "Buco, Martin"]
[Result "0-1"]
[BlackElo "1708"]
[WhiteElo "1184"]
[LiveChessVersion "1.4.8"]

1. e4 {[%clk 1:00:59]} c5 {[%clk 1:00:55]} 2. Nf3 {[%clk 1:01:26]} e6
{[%clk 1:01:23]} 3. d4 {[%clk 1:01:42]} cxd4 {[%clk 1:01:51]} 4. Nxd4
{[%clk 1:02:04]} Bc5 {[%clk 1:02:18]} 5. Be3 {[%clk 1:02:16]} Qb6
{[%clk 1:02:35]} 6. b3 {[%clk 1:01:04]} Nc6 {[%clk 1:02:39]} 7. Bc4
{[%clk 1:01:24]} Bxd4 {[%clk 1:02:06]} 8. Bxd4 {[%clk 1:01:35]} Qxd4
{[%clk 1:02:32]} 9. Qxd4 {[%clk 1:01:45]} Nxd4 {[%clk 1:03:00]} 10. Bd3
{[%clk 1:01:49]} Ne7 {[%clk 1:02:57]} 11. O-O {[%clk 1:02:07]} O-O
{[%clk 1:03:18]} 12. Nd2 {[%clk 1:02:13]} d5 {[%clk 1:02:31]} 13. Rfe1
{[%clk 1:00:42]} Bd7 {[%clk 1:01:26]} 14. c4 {[%clk 0:59:28]} dxe4
{[%clk 1:01:00]} 15. Rxe4 {[%clk 0:57:31]} Ndc6 {[%clk 1:01:17]} 16. Re3
{[%clk 0:57:03]} Nf5 {[%clk 1:01:14]} 17. Bxf5 {[%clk 0:55:50]} exf5
{[%clk 1:01:42]} 18. Nf3 {[%clk 0:55:59]} Rfe8 {[%clk 1:02:06]} 19. Rd3
{[%clk 0:55:53]} Rad8 {[%clk 1:02:23]} 20. Rd2 {[%clk 0:55:42]} Be6
{[%clk 1:02:30]} 21. Re2 {[%clk 0:55:30]} Nd4 {[%clk 1:02:53]} 22. Nxd4
{[%clk 0:55:39]} Rxd4 {[%clk 1:03:21]} 23. Rae1 {[%clk 0:52:50]} Red8
{[%clk 1:03:45]} 24. h3 {[%clk 0:52:32]} Rd1 {[%clk 1:04:13]} 25. Rxd1
{[%clk 0:52:01]} Rxd1+ {[%clk 1:04:41]} 26. Kh2 {[%clk 0:52:21]} Kf8
{[%clk 1:05:07]} 27. Kg3 {[%clk 0:52:15]} Ke7 {[%clk 1:05:21]} 28. Kf3
{[%clk 0:52:12]} Rd3+ {[%clk 1:05:39]} 29. Re3 {[%clk 0:52:28]} Rxe3+
{[%clk 1:06:06]} 30. Kxe3 {[%clk 0:52:51]} Kd6 {[%clk 1:06:31]} 31. Kd4
{[%clk 0:53:13]} a5 {[%clk 1:06:36]} 32. h4 {[%clk 0:53:11]} f6 {[%clk 1:06:45]}
33. g3 b6 {[%clk 1:07:08]} 34. f4 {[%clk 0:53:37]} h5 {[%clk 1:07:11]} 35. Kd3
{[%clk 0:53:04]} Kc5 {[%clk 1:07:34]} 36. Kc3 {[%clk 0:53:19]} b5
{[%clk 1:07:54]} 37. cxb5 {[%clk 0:53:15]} Kxb5 {[%clk 1:08:22]} 38. Kb2
{[%clk 0:52:56]} Kb4 {[%clk 1:08:50]} 39. a3+ {[%clk 0:53:13]} Kc5
{[%clk 1:08:57]} 40. Kc3 {[%clk 0:53:24]} Bd5 {[%clk 1:09:24]} 41. b4+
{[%clk 0:52:45]} axb4+ {[%clk 1:09:52]} 42. axb4+ {[%clk 0:53:05]} Kb5
{[%clk 1:10:20]} 43. Kd4 {[%clk 0:53:13]} Bc4 {[%clk 1:10:48]} 44. Kc3
{[%clk 0:53:23]} Bg8 {[%clk 1:11:16]} 45. Kd3 {[%clk 0:53:07]} Kxb4
{[%clk 1:11:44]} 46. Kd4 {[%clk 0:53:25]} Be6 {[%clk 1:12:09]} 47. Kd3
{[%clk 0:53:36]} Bd5 {[%clk 1:12:32]} 48. Kd2 {[%clk 0:52:49]} Kc4
{[%clk 1:12:38]} 49. Ke2 {[%clk 0:52:30]} Kd4 {[%clk 1:13:05]} 50. Kf2
{[%clk 0:52:42]} Ke4 {[%clk 1:13:32]} 51. Ke2 {[%clk 0:53:05]} Bc4+
{[%clk 1:13:57]} 52. Kf2 {[%clk 0:53:20]} Bb5 {[%clk 1:14:25]} 53. Kg2
{[%clk 0:53:28]} Ke3 {[%clk 1:14:53]} 54. Kh3 {[%clk 0:53:24]} Kf2
{[%clk 1:15:17]} 55. Kh2 {[%clk 0:53:43]} Bf1 {[%clk 1:15:31]} 56. Kh1
{[%clk 0:52:46]} Bg2+ {[%clk 1:15:59]} 57. Kh2 {[%clk 0:53:09]} g6
{[%clk 1:16:27]} 58. g4 {[%clk 0:53:27]} hxg4 {[%clk 1:16:55]} 59. h5
{[%clk 0:53:43]} g3# 0-1

[Event "V4 Liptov 2017"]
[Site "?"]
[Date "2017.06.25"]
[Round "7.21"]
[White "Bochnicka, Vladimir"]
[Black "Sivcak, Matej"]
[Result "0-1"]
[BlackElo "1743"]
[WhiteElo "1926"]
[LiveChessVersion "1.4.8"]

1. e4 {[%clk 1:00:56]} b6 {[%clk 1:00:53]} 2. d4 {[%clk 1:01:19]} Bb7
{[%clk 1:01:18]} 3. Bd3 {[%clk 1:01:15]} e6 {[%clk 1:01:40]} 4. Nf3
{[%clk 1:00:38]} c5 {[%clk 0:57:51]} 5. c3 {[%clk 0:54:12]} Be7 {[%clk 0:53:32]}
6. O-O {[%clk 0:50:58]} Nf6 {[%clk 0:51:40]} 7. Re1 {[%clk 0:47:28]} Nc6
{[%clk 0:42:37]} 8. a3 {[%clk 0:44:44]} d5 {[%clk 0:34:20]} 9. e5
{[%clk 0:42:58]} Nd7 {[%clk 0:34:32]} 10. Nbd2 {[%clk 0:37:16]} Qc8
{[%clk 0:31:42]} 11. b4 {[%clk 0:29:01]} c4 {[%clk 0:26:52]} 12. Bc2
{[%clk 0:28:57]} a6 {[%clk 0:27:11]} 13. Nf1 {[%clk 0:27:43]} h6 {[%clk 0:14:05]}
14. Ng3 {[%clk 0:27:00]} Na7 {[%clk 0:14:25]} 15. a4 {[%clk 0:26:10]} g6
{[%clk 0:12:00]} 16. Bd2 {[%clk 0:25:21]} Qc7 {[%clk 0:11:46]} 17. Qc1
{[%clk 0:24:58]} h5 {[%clk 0:08:30]} 18. Bg5 {[%clk 0:22:54]} Nf8
{[%clk 0:07:55]} 19. Qf4 {[%clk 0:19:43]} Nh7 {[%clk 0:08:03]} 20. Bxe7
{[%clk 0:18:21]} Qxe7 {[%clk 0:08:15]} 21. Qh4 {[%clk 0:12:39]} Qxh4
{[%clk 0:06:30]} 22. Nxh4 {[%clk 0:13:04]} Nc8 {[%clk 0:03:58]} 23. f4
{[%clk 0:09:34]} Nf8 {[%clk 0:02:42]} 24. h3 {[%clk 0:08:19]} Ne7
{[%clk 0:02:47]} 25. Nf3 {[%clk 0:07:38]} Nf5 {[%clk 0:02:33]} 26. Nxf5
{[%clk 0:07:17]} exf5 {[%clk 0:01:55]} 27. Ng5 {[%clk 0:06:30]} Ne6
{[%clk 0:00:42]} 28. Nxe6 {[%clk 0:06:37]} fxe6 {[%clk 0:01:10]} 29. Kf2
{[%clk 0:06:22]} Kf7 {[%clk 0:01:04]} 30. g4 {[%clk 0:04:37]} hxg4
{[%clk 0:00:40]} 31. Rh1 {[%clk 0:04:00]} Rxh3 {[%clk 0:00:35]} 32. Rxh3
{[%clk 0:04:22]} gxh3 {[%clk 0:00:57]} 33. Rh1 {[%clk 0:04:25]} Rh8
{[%clk 0:00:40]} 34. Kg3 {[%clk 0:04:48]} g5 {[%clk 0:00:35]} 35. fxg5
{[%clk 0:04:18]} Kg6 {[%clk 0:00:43]} 36. Rxh3 {[%clk 0:04:22]} Rxh3+
{[%clk 0:00:58]} 37. Kxh3 {[%clk 0:04:47]} Kxg5 {[%clk 0:01:22]} 38. Kg3
{[%clk 0:04:53]} Bc6 {[%clk 0:01:31]} 39. a5 {[%clk 0:05:01]} b5 {[%clk 0:01:03]}
40. Bd1 {[%clk 0:03:54]} Be8 {[%clk 0:01:16]} 41. Bc2 {[%clk 0:03:39]} Bh5
{[%clk 0:01:18]} 42. Bb1 {[%clk 0:03:22]} Bd1 {[%clk 0:01:03]} 43. Ba2
{[%clk 0:02:55]} Bc2 {[%clk 0:00:46]} 44. Kf3 {[%clk 0:02:41]} Be4+
{[%clk 0:00:42]} 45. Kg3 {[%clk 0:02:51]} f4+ {[%clk 0:00:58]} 46. Kf2
{[%clk 0:02:28]} Kg4 {[%clk 0:01:05]} 47. Kg1 {[%clk 0:02:29]} Kg3
{[%clk 0:01:05]} 48. Kf1 {[%clk 0:02:39]} f3 {[%clk 0:01:11]} 49. Kg1
{[%clk 0:02:58]} f2+ {[%clk 0:01:31]} 50. Kf1 {[%clk 0:03:22]} Bd3#
{[%clk 0:01:47]} 0-1

[Event "V4 Liptov 2017"]
[Site "?"]
[Date "2017.06.25"]
[Round "7.22"]
[White "Sulkowski, Dawid"]
[Black "Sandor, Martin"]
[Result "0-1"]
[BlackElo "1858"]
[WhiteElo "1466"]
[LiveChessVersion "1.4.8"]

1. e4 {[%clk 1:00:59]} c5 {[%clk 1:00:51]} 2. Nf3 {[%clk 1:01:22]} d6
{[%clk 1:00:46]} 3. d4 {[%clk 1:01:43]} cxd4 {[%clk 1:00:52]} 4. Nxd4
{[%clk 1:02:06]} Nf6 {[%clk 1:01:18]} 5. Nc3 {[%clk 1:02:20]} a6 {[%clk 1:01:44]}
6. Bg5 {[%clk 1:02:28]} Nbd7 {[%clk 1:01:56]} 7. Bd3 {[%clk 1:01:58]} b5
{[%clk 0:52:37]} 8. a3 {[%clk 0:56:33]} Bb7 {[%clk 0:52:10]} 9. O-O
{[%clk 0:51:31]} e6 {[%clk 0:51:25]} 10. Kh1 {[%clk 0:40:40]} Be7
{[%clk 0:46:39]} 11. f4 {[%clk 0:37:54]} O-O {[%clk 0:38:35]} 12. Qe2
{[%clk 0:35:59]} Nc5 {[%clk 0:36:35]} 13. b4 {[%clk 0:34:00]} Nxd3
{[%clk 0:33:00]} 14. cxd3 {[%clk 0:33:57]} Rc8 {[%clk 0:31:18]} 15. Rac1
{[%clk 0:33:39]} Qd7 {[%clk 0:29:19]} 16. Qd2 {[%clk 0:29:51]} h6
{[%clk 0:27:24]} 17. Bxf6 {[%clk 0:26:51]} Bxf6 {[%clk 0:20:05]} 18. Qe3
{[%clk 0:22:13]} Rc7 {[%clk 0:17:20]} 19. Nce2 {[%clk 0:16:41]} Rfc8
{[%clk 0:17:05]} 20. Rxc7 {[%clk 0:14:12]} Rxc7 {[%clk 0:16:22]} 21. Rc1 Qc8 22.
Rxc7 {[%clk 0:12:01]} Qxc7 {[%clk 0:16:50]} 23. Qd2 {[%clk 0:09:23]} Qc8
{[%clk 0:10:16]} 24. h3 {[%clk 0:08:43]} Bd8 {[%clk 0:08:03]} 25. Nf3
{[%clk 0:07:10]} Bb6 {[%clk 0:07:56]} 26. Ned4 {[%clk 0:07:05]} Qd8
{[%clk 0:04:55]} 27. f5 {[%clk 0:04:19]} Qf6 {[%clk 0:03:03]} 28. Nb3
{[%clk 0:01:30]} exf5 {[%clk 0:02:20]} 29. exf5 {[%clk 0:01:49]} Bxf3
{[%clk 0:01:55]} 30. gxf3 {[%clk 0:02:16]} Qxf5 {[%clk 0:02:07]} 31. Kg2
{[%clk 0:00:46]} Qg6+ {[%clk 0:02:13]} 32. Kf1 {[%clk 0:01:09]} Qg1+
{[%clk 0:02:38]} 33. Ke2 {[%clk 0:01:31]} Qf2+ {[%clk 0:02:56]} 34. Kd1
{[%clk 0:01:55]} Qxf3+ {[%clk 0:03:16]} 35. Kc2 {[%clk 0:01:57]} Qf2
{[%clk 0:03:28]} 36. Qxf2 {[%clk 0:02:19]} Bxf2 {[%clk 0:03:57]} 37. Kd2
{[%clk 0:02:30]} Bb6 {[%clk 0:03:27]} 38. Ke2 {[%clk 0:02:36]} f5
{[%clk 0:03:36]} 39. h4 {[%clk 0:02:48]} g5 {[%clk 0:03:55]} 40. hxg5
{[%clk 0:03:07]} hxg5 {[%clk 0:04:25]} 41. Kf3 {[%clk 0:03:22]} Kf7
{[%clk 0:04:39]} 42. Nd2 {[%clk 0:03:34]} Kf6 {[%clk 0:04:59]} 43. Nf1
{[%clk 0:03:56]} Bd4 {[%clk 0:04:43]} 44. Ng3 Bb2 {[%clk 0:04:41]} 0-1

[Event "V4 Liptov 2017"]
[Site "?"]
[Date "2017.06.25"]
[Round "7.23"]
[White "Valigursky, Michal"]
[Black "Niczyporuk, Jakub"]
[Result "1/2-1/2"]
[BlackElo "1396"]
[WhiteElo "1713"]
[LiveChessVersion "1.4.8"]

1. e4 {[%clk 1:00:58]} c6 {[%clk 1:00:57]} 2. Nf3 {[%clk 1:01:16]} d5
{[%clk 1:01:20]} 3. Nc3 {[%clk 1:01:36]} dxe4 {[%clk 1:01:27]} 4. Nxe4
{[%clk 1:01:51]} Nd7 {[%clk 1:01:53]} 5. d4 {[%clk 1:00:37]} Ngf6
{[%clk 1:02:12]} 6. Nxf6+ {[%clk 0:59:15]} Nxf6 {[%clk 1:02:38]} 7. Bd3
{[%clk 0:59:25]} Bg4 {[%clk 1:02:31]} 8. c3 {[%clk 0:54:48]} e6 {[%clk 1:02:38]}
9. O-O {[%clk 0:55:04]} Bd6 {[%clk 1:01:09]} 10. Bg5 {[%clk 0:53:44]} h6
{[%clk 1:00:42]} 11. Bh4 {[%clk 0:53:26]} Qc7 {[%clk 0:59:00]} 12. Bg3
{[%clk 0:53:09]} O-O {[%clk 0:57:01]} 13. Qe2 {[%clk 0:47:20]} Rfe8
{[%clk 0:55:49]} 14. c4 {[%clk 0:46:52]} c5 {[%clk 0:54:17]} 15. Bxd6
{[%clk 0:41:06]} Qxd6 {[%clk 0:53:10]} 16. Qe5 {[%clk 0:41:24]} Qxe5
{[%clk 0:52:28]} 17. dxe5 {[%clk 0:41:06]} Nd7 {[%clk 0:51:46]} 18. Rfe1
{[%clk 0:36:18]} Bxf3 {[%clk 0:52:09]} 19. gxf3 {[%clk 0:31:53]} Rad8
{[%clk 0:52:30]} 20. f4 {[%clk 0:30:53]} Nxe5 {[%clk 0:52:07]} 21. Rxe5
{[%clk 0:30:26]} 1/2-1/2

[Event "V4 Liptov 2017"]
[Site "?"]
[Date "2017.06.25"]
[Round "7.24"]
[White "Bobrova, Katarina"]
[Black "Vozarova, Adriana"]
[Result "0-1"]
[BlackElo "1681"]
[WhiteElo "1407"]
[LiveChessVersion "1.4.8"]

1. Nf3 {[%clk 1:00:56]} d5 {[%clk 1:00:53]} 2. d4 {[%clk 1:00:53]} Nf6
{[%clk 1:01:03]} 3. Bf4 {[%clk 1:00:43]} e6 {[%clk 1:00:26]} 4. e3
{[%clk 1:00:05]} Be7 {[%clk 0:58:01]} 5. Nbd2 {[%clk 0:59:05]} c5
{[%clk 0:55:41]} 6. c4 {[%clk 0:58:17]} Nc6 {[%clk 0:54:12]} 7. Rc1
{[%clk 0:57:35]} cxd4 {[%clk 0:53:36]} 8. Nxd4 {[%clk 0:56:45]} Nxd4
{[%clk 0:53:48]} 9. exd4 {[%clk 0:56:59]} O-O {[%clk 0:49:37]} 10. Be2
{[%clk 0:56:46]} a6 {[%clk 0:46:16]} 11. O-O {[%clk 0:56:46]} dxc4
{[%clk 0:44:12]} 12. Nxc4 {[%clk 0:56:12]} Nd5 {[%clk 0:43:28]} 13. Bg3
{[%clk 0:54:35]} b5 {[%clk 0:37:34]} 14. Ne5 {[%clk 0:50:46]} Bb7
{[%clk 0:35:06]} 15. Bf3 {[%clk 0:49:54]} Rc8 {[%clk 0:29:16]} 16. a3
{[%clk 0:45:35]} Qa5 {[%clk 0:25:06]} 17. h3 {[%clk 0:41:42]} Rxc1
{[%clk 0:24:43]} 18. Qxc1 {[%clk 0:41:59]} Rc8 {[%clk 0:25:00]} 19. Qb1
{[%clk 0:41:42]} f6 {[%clk 0:22:19]} 20. Nd3 {[%clk 0:41:08]} Rc4
{[%clk 0:21:44]} 21. Re1 {[%clk 0:39:57]} Qb6 {[%clk 0:20:05]} 22. Nf4
{[%clk 0:38:03]} Nxf4 {[%clk 0:19:18]} 23. Bxf4 {[%clk 0:37:03]} Bxf3
{[%clk 0:19:34]} 24. gxf3 {[%clk 0:37:22]} Qxd4 {[%clk 0:18:28]} 25. Re4
{[%clk 0:33:46]} Qd5 {[%clk 0:17:54]} 26. Kg2 {[%clk 0:26:43]} e5
{[%clk 0:16:33]} 27. Bg3 {[%clk 0:25:51]} Bc5 {[%clk 0:15:22]} 28. Re1
{[%clk 0:24:49]} Bd4 {[%clk 0:14:53]} 29. Rd1 {[%clk 0:24:09]} Qc6
{[%clk 0:15:05]} 30. Qa2 {[%clk 0:23:11]} Kf8 {[%clk 0:14:31]} 31. Qb1
{[%clk 0:22:36]} Rc2 {[%clk 0:14:23]} 32. b4 {[%clk 0:21:42]} h6 {[%clk 0:13:27]}
33. Qb3 {[%clk 0:19:37]} Rc3 {[%clk 0:13:05]} 34. Qb1 {[%clk 0:18:12]} Qxf3+
{[%clk 0:13:19]} 35. Kg1 {[%clk 0:17:56]} Qxg3+ {[%clk 0:13:40]} 36. Kh1
{[%clk 0:17:36]} Qxh3+ {[%clk 0:14:01]} 0-1